Caricamento...

Creating standards-based integrated curriculum: aligning curriculum, content, assessment and instruction

Dettagli Bibliografici
Autore principale: Drake, Susan M; Author
Natura: Printed Book
Pubblicazione: California, Corwin Press 2007
Edizione:2nd ed
Soggetti:
LEADER 009120000a22002770004500
020 |a 978-1-4129-1506-9 
082 |a 375.000 973 P7 
100 |a Drake, Susan M; Author 
245 |a Creating standards-based integrated curriculum: aligning curriculum, content, assessment and instruction 
250 |a 2nd ed 
260 |a California, Corwin Press  |e 2007 
260 |c 2007 
460 |a xxx,206p 
465 |a USD 32.95 
500 |a Includes bibliographical references and index 
500 |a Susan M Drake 
650 |a Canada 
650 |a Curricula 
650 |a Curriculum planning 
650 |a Education 
650 |a Interdisciplinary approach in education 
650 |a Standards 
650 |a United States 
942 |c BK 
999 |c 38150  |d 38150 
952 |0 0  |1 0  |4 0  |6 375_000000000000000_973_P7  |7 0  |8 ENG  |9 38674  |a MGUL  |b MGUL  |d 2013-07-16  |e USD 32.95  |l 0  |o 375.000 973 P7  |p 37444  |r 2014-09-16  |w 2013-07-16  |y BK